[Event "47th IT Bosna 2017"]
[Site "Sarajevo"]
[Date "2017.05.14"]
[Round "2.31"]
[White "Garabetyan, Arno"]
[Black "Selimovic, Amir"]
[Result "1-0"]
[WhiteElo "2050"]
[BlackElo "1941"]
[PlyCount "117"]
[EventDate "2017.05.13"]

1. Nf3 Nf6 2. g3 g6 3. Bg2 Bg7 4. c4 O-O 5. Nc3 d6 6. O-O c5 7. d4 cxd4 8. Nxd4
a6 9. b3 Qc7 10. Bb2 Nc6 11. Rc1 e6 12. Qd2 Nxd4 13. Qxd4 e5 14. Qd2 Be6 15.
Rfd1 Rfd8 16. Ba3 Bf8 17. Nd5 Bxd5 18. cxd5 Qd7 19. Rc4 Rac8 20. Rdc1 Rxc4 21.
Rxc4 Rc8 22. Qc2 Rxc4 23. Qxc4 Ne8 24. Bc1 Qc7 25. Qxc7 Nxc7 26. a4 Be7 27. e4
b5 28. Bf1 Kf8 29. Bd2 Ke8 30. Ba5 Kd7 31. Bh3+ Kd8 32. Kf1 Bg5 33. Ke2 Bc1 34.
axb5 axb5 35. f4 f6 36. fxe5 fxe5 37. Be6 h6 38. Kf3 Bb2 39. h4 Bd4 40. Kg4 Be3
41. Kf3 Ba7 42. Bf7 Kd7 43. Bxg6 Na6 44. Bf5+ Ke7 45. b4 Bd4 46. Bc8 Nb8 47.
Bc7 Nd7 48. Bxd7 Kxd7 49. Ba5 Bc3 50. Kg4 Ke7 51. Kh5 Bd2 52. Kg6 Be1 53. g4
Bxh4 54. Kxh6 Be1 55. Kg6 Bh4 56. Kf5 Kf7 57. g5 Ke7 58. g6 Bf6 59. Bd8+ 1-0

[Event "47th IT Bosna 2017"]
[Site "Sarajevo"]
[Date "2017.05.14"]
[Round "2.32"]
[White "Salkic, Midhat"]
[Black "Celik, Eda"]
[Result "1/2-1/2"]
[WhiteElo "2042"]
[BlackElo "1728"]
[PlyCount "66"]
[EventDate "2017.05.13"]

1. e4 e5 2. Nf3 Nc6 3. Bc4 Nf6 4. d4 exd4 5. O-O Nxe4 6. Re1 d5 7. Bxd5 Qxd5 8.
Nc3 Qh5 9. Nxe4 Be6 10. Bg5 Bd6 11. Bf6 Bxh2+ 12. Nxh2 Qxd1 13. Raxd1 gxf6 14.
Nxf6+ Kf8 15. Nf3 Rd8 16. b4 Ke7 17. Nh5 d3 18. cxd3 Nxb4 19. d4 Nd5 20. Rb1 b6
21. Ne5 Kf8 22. Rbc1 Rg8 23. a3 Rd6 24. Ng3 f6 25. Nd3 Bd7 26. Nb4 Nf4 27. Rxc7
h5 28. Nc2 a5 29. Re4 Nd5 30. Rb7 Rg5 31. Rb8+ Kf7 32. Rh4 Rc6 33. Rb7 Ke8
1/2-1/2

[Event "47th IT Bosna 2017"]
[Site "Sarajevo"]
[Date "2017.05.14"]
[Round "2.33"]
[White "Marn, Jan"]
[Black "Pleh, Semir"]
[Result "1-0"]
[WhiteElo "2035"]
[BlackElo "1678"]
[PlyCount "69"]
[EventDate "2017.05.13"]

1. e4 c6 2. d4 d6 3. Nf3 Bg4 4. h3 Bh5 5. g4 Bg6 6. Bd3 Nf6 7. Nc3 Nbd7 8. g5
Nh5 9. Nh4 e5 10. dxe5 dxe5 11. Qf3 Bb4 12. Bc4 Bxc3+ 13. bxc3 Qe7 14. Be3 Nb6
15. Bb3 O-O 16. Nf5 Qa3 17. O-O Bxf5 18. exf5 g6 19. fxg6 hxg6 20. Qe4 Kh7 21.
Rad1 Rae8 22. Rd3 Qe7 23. Rfd1 Kg7 24. a4 f5 25. Qh4 Rd8 26. Bc5 Qxc5 27. Rxd8
Qxc3 28. R8d6 a5 29. Rxg6+ Kxg6 30. Rd6+ Kg7 31. Qxh5 Qe1+ 32. Kg2 Qe4+ 33. Kh2
Qf4+ 34. Kg1 Nd5 35. Rd7+ 1-0

[Event "47th IT Bosna 2017"]
[Site "Sarajevo"]
[Date "2017.05.14"]
[Round "2.35"]
[White "Omanovic, Vahidin"]
[Black "Peric, Pero"]
[Result "1-0"]
[WhiteElo "2002"]
[BlackElo "1678"]
[PlyCount "69"]
[EventDate "2017.05.13"]

1. e4 b6 2. Nc3 g6 3. d4 e6 4. Bb5 Bb7 5. Nf3 Bb4 6. Qe2 a5 7. Bg5 f6 8. Bd2 c6
9. Bd3 Na6 10. a3 Be7 11. h4 b5 12. Nd1 Nc7 13. h5 g5 14. h6 d5 15. e5 f5 16.
Nxg5 Bxg5 17. Qh5+ Kd7 18. Bxg5 Qf8 19. Ne3 Ne8 20. g4 Ne7 21. Bxe7 Qxe7 22.
gxf5 Nc7 23. f6 Qf8 24. Rg1 Ne8 25. Rg7+ Kc8 26. Rf7 Qg8 27. O-O-O b4 28. a4
Kb8 29. Rg7 Qf8 30. Rdg1 Ka7 31. Rf7 Nxf6 32. exf6 Qe8 33. Rgg7 Rb8 34. Qe5 Kb6
35. Qc7+ 1-0

[Event "47th IT Bosna 2017"]
[Site "Sarajevo"]
[Date "2017.05.14"]
[Round "2.36"]
[White "Nestorovic, Katarina"]
[Black "Savic, Miodrag R"]
[Result "0-1"]
[WhiteElo "1918"]
[BlackElo "2512"]
[PlyCount "54"]
[EventDate "2017.05.13"]

1. e4 d5 2. exd5 Qxd5 3. Nc3 Qd8 4. d4 Nf6 5. Bc4 Bg4 6. f3 Bf5 7. Nge2 e6 8.
Ng3 Bg6 9. Bf4 Nc6 10. Bb5 Qd7 11. h4 h5 12. Nce4 Nxe4 13. fxe4 a6 14. Bxc6
Qxc6 15. Qe2 O-O-O 16. c3 Be7 17. Kf2 f6 18. Rhd1 Bh7 19. Nxh5 Bxe4 20. Re1 Bd5
21. Bd2 e5 22. Nf4 exf4 23. Qxe7 Bxg2 24. Bxf4 Qf3+ 25. Kg1 Qxf4 26. Kxg2 Qg4+
27. Kf2 Qxh4+ 0-1

[Event "47th IT Bosna 2017"]
[Site "Sarajevo"]
[Date "2017.05.14"]
[Round "2.37"]
[White "Miladinovic, Zlatko"]
[Black "Gligorevic, Milorad"]
[Result "1-0"]
[WhiteElo "2077"]
[BlackElo "1823"]
[PlyCount "65"]
[EventDate "2017.05.13"]

1. d4 Nf6 2. Nf3 c6 3. e3 d5 4. c4 e6 5. Nc3 Nbd7 6. Be2 Bd6 7. O-O O-O 8. b3
e5 9. cxd5 Nxd5 10. Nxd5 cxd5 11. dxe5 Nxe5 12. Qxd5 Qf6 13. Nd4 Ng4 14. h3 Rd8
15. Qf3 Qe5 16. g3 Nf6 17. Qg2 Bf5 18. Bb2 Be4 19. Bf3 Rac8 20. Rac1 Bc5 21.
Rfd1 Bb6 22. Kh2 a6 23. Bc3 Nd5 24. Ba1 Rxc1 25. Rxc1 Bxf3 26. Qxf3 Qd6 27. Nf5
Qa3 28. Rd1 Qxa2 29. Bxg7 Qxb3 30. Qg4 h5 31. Qxh5 f6 32. Qg6 Rd7 33. Nh6# 1-0

[Event "47th IT Bosna 2017"]
[Site "Sarajevo"]
[Date "2017.05.14"]
[Round "2.38"]
[White "Camdzija, Samir"]
[Black "Sahin, Doga Boran"]
[Result "0-1"]
[WhiteElo "1833"]
[BlackElo "2060"]
[PlyCount "106"]
[EventDate "2017.05.13"]

1. e4 e6 2. Nf3 d5 3. e5 c5 4. c3 Nc6 5. d4 Qb6 6. Be2 cxd4 7. cxd4 Nh6 8. Nc3
Nf5 9. Bb5 Bd7 10. Bxc6 Qxc6 11. O-O b5 12. Be3 Nxe3 13. fxe3 Be7 14. Rc1 Qb7
15. Ne2 O-O 16. Nf4 Rac8 17. Qd2 b4 18. b3 Rxc1 19. Rxc1 Rc8 20. h4 Rxc1+ 21.
Qxc1 Qc6 22. Qd2 Qc3 23. Qf2 Bb5 24. Kh2 Bd3 25. Nxd3 Qxd3 26. g4 Qe4 27. Kh3
h5 28. g5 Qg4+ 29. Kh2 f6 30. exf6 gxf6 31. gxf6 Bxf6 32. Qg3 Kg7 33. Ne5 Bxe5
34. Qxe5+ Kg6 35. Qg3 Qxg3+ 36. Kxg3 Kf5 37. Kf3 a6 38. Kg3 Ke4 39. Kf2 Kd3 40.
Kf3 Kc3 41. Kf4 Kb2 42. Kg5 Kxa2 43. Kxh5 Kxb3 44. Kg5 Kc3 45. h5 b3 46. h6 b2
47. h7 b1=Q 48. h8=Q Qf5+ 49. Kh4 Qe4+ 50. Kg3 Qxe3+ 51. Kg2 Qxd4 52. Qc8+ Qc4
53. Qh8+ Kc2 0-1

[Event "47th IT Bosna 2017"]
[Site "Sarajevo"]
[Date "2017.05.14"]
[Round "2.39"]
[White "Slamar, Velimir"]
[Black "Tomic, Jelena"]
[Result "1-0"]
[WhiteElo "2059"]
[BlackElo "1751"]
[PlyCount "55"]
[EventDate "2017.05.13"]

1. d4 Nf6 2. Nf3 e6 3. c4 d5 4. g3 Be7 5. Bg2 O-O 6. O-O b6 7. cxd5 exd5 8. Nc3
Bb7 9. Bf4 a6 10. Ne5 Nc6 11. Rc1 Na5 12. Qa4 c6 13. Rfd1 Bd6 14. e4 Rc8 15.
Bg5 Be7 16. Be3 Re8 17. Qc2 Nd7 18. b3 Nxe5 19. dxe5 Ba3 20. Rb1 Rxe5 21. Bh3
Ra8 22. exd5 cxd5 23. Na4 b5 24. Nc5 Bc8 25. Bxc8 Rxc8 26. Bd4 Re4 27. b4 Qc7
28. Qd3 1-0

[Event "47th IT Bosna 2017"]
[Site "Sarajevo"]
[Date "2017.05.14"]
[Round "2.40"]
[White "Lakusic, Zoran"]
[Black "Musovic, Sabrija"]
[Result "1-0"]
[WhiteElo "1775"]
[BlackElo "2053"]
[PlyCount "97"]
[EventDate "2017.05.13"]

1. e4 c5 2. Bc4 e6 3. Nc3 a6 4. a4 Nc6 5. Nf3 g6 6. d4 cxd4 7. Nxd4 Bg7 8. Nxc6
bxc6 9. O-O Qb6 10. a5 Qc7 11. Be3 c5 12. Na4 d6 13. Qd3 Bb7 14. Nb6 Rd8 15.
Bxa6 Ne7 16. Bxb7 Qxb7 17. Qb5+ Qc6 18. Qxc6+ Nxc6 19. c3 h6 20. Rfd1 Ke7 21.
f4 e5 22. g3 f5 23. exf5 gxf5 24. Nc4 Ke6 25. a6 d5 26. Na5 Nxa5 27. Rxa5 d4
28. cxd4 cxd4 29. a7 Ra8 30. Bf2 Rhd8 31. fxe5 Bxe5 32. b4 Bc7 33. Ra6+ Rd6 34.
Rxd6+ Kxd6 35. Rxd4+ Kc6 36. Rh4 Kb5 37. Bc5 Ba5 38. Rxh6 Bxb4 39. Bxb4 Kxb4
40. Rh7 Kc5 41. Kf2 Kd5 42. h4 Ke5 43. Kf3 Kf6 44. g4 fxg4+ 45. Kxg4 Rg8+ 46.
Kf4 Rc8 47. Rh6+ Kg7 48. Ra6 Ra8 49. h5 1-0

[Event "47th IT Bosna 2017"]
[Site "Sarajevo"]
[Date "2017.05.14"]
[Round "2.41"]
[White "Urh, Zala"]
[Black "Strinic, Hamdija"]
[Result "1-0"]
[WhiteElo "2036"]
[BlackElo "1749"]
[PlyCount "35"]
[EventDate "2017.05.13"]

1. d4 Nf6 2. c4 e6 3. Nc3 c5 4. Nf3 cxd4 5. Nxd4 Nc6 6. e3 Bb4 7. Be2 Ne4 8.
Qc2 f5 9. O-O Nxc3 10. bxc3 Bd6 11. Rd1 Bc5 12. Nxe6 Qb6 13. Nxg7+ Kf7 14. Nxf5
Ne7 15. Bh5+ Ng6 16. Qe4 Qe6 17. Qf3 Qf6 18. Qd5+ 1-0

[Event "47th IT Bosna 2017"]
[Site "Sarajevo"]
[Date "2017.05.14"]
[Round "2.42"]
[White "Markovic, Rade A"]
[Black "Rozic, Slaven"]
[Result "0-1"]
[WhiteElo "1749"]
[BlackElo "2033"]
[PlyCount "110"]
[EventDate "2017.05.13"]

1. e4 e6 2. d4 d5 3. Nc3 Nf6 4. Bg5 dxe4 5. Nxe4 Be7 6. Nxf6+ Bxf6 7. Bxf6 Qxf6
8. Nf3 O-O 9. Bd3 c5 10. dxc5 Qxb2 11. O-O h6 12. Qe2 Nc6 13. Qe4 g6 14. h4 Qg7
15. Rab1 Rd8 16. Rb3 Rd5 17. Qe3 Qf8 18. Rc3 Qg7 19. Be4 Rd8 20. Bxc6 bxc6 21.
Ne5 Bd7 22. Rd1 Be8 23. Rd6 Rdc8 24. Rcd3 Rab8 25. Qf4 h5 26. Rf3 Rb5 27. Nd7
Bxd7 28. Rxd7 Rf8 29. Qd6 Rb4 30. c3 Rxh4 31. g3 Re4 32. Qxc6 Qe5 33. Qc7 Qxc7
34. Rxc7 Ra4 35. c6 Rc4 36. Kf1 e5 37. Ke2 e4 38. Re3 f5 39. f3 Rf7 40. Rxf7
Kxf7 41. fxe4 fxe4 42. c7 Rxc7 43. Kd2 Rc4 44. Kc2 Ke6 45. Re1 Kd5 46. Rd1+ Ke5
47. Kb3 Rc6 48. c4 e3 49. Kc3 Ke4 50. Rd7 Kf3 51. Rf7+ Kxg3 52. Kd3 h4 53. Kxe3
Rxc4 54. Rxa7 h3 55. a4 h2 0-1

[Event "47th IT Bosna 2017"]
[Site "Sarajevo"]
[Date "2017.05.14"]
[Round "2.43"]
[White "Halilovic, Fahrudin"]
[Black "Johnen, Franz"]
[Result "1-0"]
[WhiteElo "2032"]
[BlackElo "1707"]
[PlyCount "45"]
[EventDate "2017.05.13"]

1. e4 c5 2. d3 Nc6 3. g3 Nf6 4. Bg2 d6 5. c3 e5 6. Na3 Be7 7. Nc2 O-O 8. Nf3
Be6 9. O-O h6 10. Ne3 Nh7 11. Nd5 Bxd5 12. exd5 Nb8 13. d4 Nd7 14. dxc5 dxc5
15. Re1 Bd6 16. c4 a6 17. b3 Rb8 18. Bb2 Re8 19. Nh4 g6 20. Qd2 Qg5 21. Qc3 f6
22. Bc1 Qh5 23. Bf3 1-0

[Event "47th IT Bosna 2017"]
[Site "Sarajevo"]
[Date "2017.05.14"]
[Round "2.44"]
[White "Bajic, Salko"]
[Black "Jovovic, Milan"]
[Result "0-1"]
[WhiteElo "1732"]
[BlackElo "2032"]
[PlyCount "86"]
[EventDate "2017.05.13"]

1. e4 c5 2. Nc3 d6 3. g3 Nc6 4. Bg2 Nf6 5. Nge2 Bg4 6. O-O Qd7 7. d3 h5 8. f3
Bh3 9. Nf4 Bxg2 10. Kxg2 e6 11. Be3 O-O-O 12. Nh3 d5 13. Bg5 d4 14. Nb1 Be7 15.
a3 Nh7 16. Bxe7 Qxe7 17. Qc1 g5 18. Nf2 f5 19. h3 h4 20. g4 Qd6 21. Nh1 Rdf8
22. Nd2 fxg4 23. fxg4 Ne5 24. Qe1 Ng6 25. Nc4 Qc7 26. e5 Rxf1 27. Kxf1 Rf8+ 28.
Nf2 Qc6 29. Nd6+ Kd7 30. Qe4 Nxe5 31. Qxh7+ Kxd6 32. Qe4 Qxe4 33. dxe4 Nc4 34.
b3 Ne3+ 35. Ke2 Nxc2 36. Ra2 Ne3 37. Nd3 Rf1 38. a4 Rh1 39. Nf2 Rb1 40. Ra3
Rb2+ 41. Kf3 Nc2 42. e5+ Kd5 43. Nd3 Rb1 0-1

[Event "47th IT Bosna 2017"]
[Site "Sarajevo"]
[Date "2017.05.14"]
[Round "2.45"]
[White "Nezirovic, Ozren"]
[Black "Erece, Ece Alkim"]
[Result "1-0"]
[WhiteElo "2013"]
[BlackElo "1686"]
[PlyCount "49"]
[EventDate "2017.05.13"]

1. e4 c5 2. Nf3 g6 3. c3 Bg7 4. d4 cxd4 5. cxd4 d5 6. e5 Bg4 7. Bb5+ Nc6 8.
Bxc6+ bxc6 9. Nbd2 c5 10. dxc5 Qa5 11. O-O Qxc5 12. h3 Be6 13. Nb3 Qc8 14. Bf4
Nh6 15. Rc1 Qa6 16. Qd2 Qxa2 17. Nbd4 Rb8 18. Bxh6 Rxb2 19. Qg5 Bxh6 20. Qxh6
Rb8 21. Qg7 Rf8 22. Nxe6 fxe6 23. Rc7 Qa3 24. Qxh7 Kd8 25. Rfc1 1-0

[Event "47th IT Bosna 2017"]
[Site "Sarajevo"]
[Date "2017.05.14"]
[Round "2.46"]
[White "Kanjic, Elvir"]
[Black "Lakovic, Igor"]
[Result "1/2-1/2"]
[WhiteElo "1722"]
[BlackElo "2009"]
[PlyCount "111"]
[EventDate "2017.05.13"]

1. e4 e6 2. Nf3 d5 3. exd5 exd5 4. Be2 Nf6 5. b3 Bd6 6. Ba3 O-O 7. Bxd6 Qxd6 8.
O-O c5 9. h3 Nc6 10. d4 Re8 11. Nc3 a6 12. dxc5 Qxc5 13. Na4 Qa7 14. c4 dxc4
15. bxc4 Bf5 16. Re1 Rad8 17. Qb3 Ne4 18. Qb6 Qxb6 19. Nxb6 Nb4 20. Rec1 Nd2
21. Nxd2 Rxe2 22. Nf3 Rxa2 23. Rxa2 Nxa2 24. Re1 Kf8 25. Ne5 Nb4 26. Re3 f6 27.
Rc3 Be6 28. g4 Ke7 29. Rb3 a5 30. Nf3 Rd6 31. Na4 b5 32. Nc5 Bxc4 33. Re3+ Kf7
34. Nb7 Rd1+ 35. Kh2 Nc6 36. g5 Rd3 37. gxf6 gxf6 38. Rxd3 Bxd3 39. Nc5 Be2 40.
Nd2 a4 41. Kg3 a3 42. Ndb3 Bc4 43. Kf4 a2 44. Ke3 Kg6 45. Kd2 Kh5 46. Kc3 Kh4
47. Kb2 Kxh3 48. Nc1 Nb4 49. Ne4 Nd3+ 50. Nxd3 a1=Q+ 51. Kxa1 Bxd3 52. Nxf6 Kg2
53. Kb2 Kxf2 54. Kc3 Ke3 55. Kb4 Bf5 56. Nxh7 1/2-1/2

[Event "47th IT Bosna 2017"]
[Site "Sarajevo"]
[Date "2017.05.14"]
[Round "2.47"]
[White "Cosovic, Aziz"]
[Black "Babic, Masa"]
[Result "1-0"]
[WhiteElo "2006"]
[BlackElo "1653"]
[PlyCount "35"]
[EventDate "2017.05.13"]

1. e4 e5 2. Nf3 Nc6 3. c3 Nf6 4. d4 exd4 5. e5 Nd5 6. Qb3 Nb6 7. cxd4 Bb4+ 8.
Nc3 d5 9. h3 O-O 10. Bd3 Re8 11. O-O Be6 12. Be3 f6 13. Qc2 f5 14. Bxf5 Bxf5
15. Qxf5 Nc4 16. Ng5 g6 17. Qf7+ Kh8 18. Qxh7# 1-0

[Event "47th IT Bosna 2017"]
[Site "Sarajevo"]
[Date "2017.05.14"]
[Round "2.48"]
[White "Gaspar, Zdravko"]
[Black "Sinanovic, Ermin"]
[Result "0-1"]
[WhiteElo "1689"]
[BlackElo "1973"]
[PlyCount "56"]
[EventDate "2017.05.13"]

1. d4 Nf6 2. Nf3 c5 3. e3 d5 4. c3 Nc6 5. Bd3 Bg4 6. Nbd2 e6 7. O-O Bd6 8. h3
Bh5 9. Qe2 O-O 10. g4 Bg6 11. Bxg6 hxg6 12. g5 Ne4 13. h4 f6 14. Kg2 fxg5 15.
Nxe4 dxe4 16. Nxg5 Rf5 17. Qg4 Qe7 18. Nxe4 Raf8 19. Bd2 e5 20. d5 Nb8 21. c4
Nd7 22. Qxg6 Qxh4 23. Qe6+ R8f7 24. Ng3 R5f6 25. Qe8+ Nf8 26. e4 Qg4 27. Qa4
Ng6 28. Qb3 Nh4+ 0-1

[Event "47th IT Bosna 2017"]
[Site "Sarajevo"]
[Date "2017.05.14"]
[Round "2.49"]
[White "Rakita, Jandrija"]
[Black "Alaz, Ahmet Efekan"]
[Result "0-1"]
[WhiteElo "1680"]
[BlackElo "1965"]
[PlyCount "89"]
[EventDate "2017.05.13"]

1. e4 e6 2. d4 d5 3. Bd3 Nf6 4. Bg5 Be7 5. e5 Nfd7 6. Bxe7 Qxe7 7. a3 c5 8. c3
Nc6 9. Bc2 O-O 10. Nf3 f6 11. exf6 Qxf6 12. O-O cxd4 13. cxd4 Nb6 14. Nc3 Bd7
15. Qd3 g6 16. b3 Rac8 17. Ne2 a6 18. a4 Nb4 19. Qd2 Nxc2 20. Rac1 Nxd4 21.
Nexd4 e5 22. Qb4 exd4 23. Rcd1 Bg4 24. Rd3 Bxf3 25. Rxf3 Qc6 26. Rg3 Qf6 27.
Qd2 Qf4 28. Qb2 Rc3 29. Rxc3 dxc3 30. Qxc3 Rc8 31. Qe1 Qe4 32. Qa5 Qd4 33. Qe1
Kf7 34. Qe2 Re8 35. Qf3+ Kg7 36. Qh3 Qf6 37. Qd3 d4 38. Rd1 Nd5 39. Qc4 Nf4 40.
Kf1 d3 41. Qb4 Re7 42. Qd2 Re2 43. Qb4 Rxf2+ 44. Kg1 Rxg2+ 45. Kh1 0-1

[Event "47th IT Bosna 2017"]
[Site "Sarajevo"]
[Date "2017.05.14"]
[Round "2.50"]
[White "Muhibic, Cazim"]
[Black "Zaloznik, Vesna"]
[Result "1-0"]
[WhiteElo "1956"]
[BlackElo "1504"]
[PlyCount "83"]
[EventDate "2017.05.13"]

1. Nf3 Nc6 2. g3 d5 3. d4 Nf6 4. Bg2 Bf5 5. c3 h6 6. O-O Qd7 7. Re1 Bh3 8. Bh1
Ne4 9. Nbd2 f5 10. Nh4 g5 11. Ng6 Rg8 12. Nxf8 Rxf8 13. f3 Nf6 14. b4 f4 15.
Nb3 fxg3 16. hxg3 Qd6 17. Kh2 Nh5 18. Rg1 Bd7 19. Qe1 O-O-O 20. b5 Nb8 21. a4
e5 22. Ba3 Qe6 23. Bg2 Rf7 24. Nc5 Qf6 25. e3 Re8 26. Nd3 exd4 27. cxd4 c6 28.
Ne5 Rxe5 29. dxe5 Qxe5 30. Rc1 Qe6 31. Rf1 b6 32. bxc6 Nxc6 33. Qd2 Qe5 34. f4
gxf4 35. exf4 Qg7 36. Qc3 d4 37. Qf3 Qg6 38. Bh3 Kc7 39. Bxd7 Kxd7 40. Qd5+ Kc7
41. Rxc6+ Qxc6 42. Qxf7+ 1-0

[Event "47th IT Bosna 2017"]
[Site "Sarajevo"]
[Date "2017.05.14"]
[Round "2.51"]
[White "Vrce, Anes"]
[Black "Ananya, Rishi Gupta"]
[Result "0-1"]
[WhiteElo "1648"]
[BlackElo "1955"]
[PlyCount "92"]
[EventDate "2017.05.13"]

1. e4 e5 2. Nf3 Nc6 3. Bb5 a6 4. Bxc6 dxc6 5. h3 Bd6 6. O-O Nf6 7. d3 h6 8. b3
Qe7 9. Bb2 Bd7 10. a4 g5 11. Nh2 O-O-O 12. g4 h5 13. f3 hxg4 14. hxg4 Rh3 15.
Kg2 Rdh8 16. Rh1 Qf8 17. Nd2 Qh6 18. Qg1 Qh4 19. Ndf1 Bxg4 20. fxg4 Nxg4 21.
Nf3 Rxh1 22. Nxh4 Rxg1+ 23. Kxg1 gxh4 24. Nh2 Bc5+ 25. Kg2 Ne3+ 26. Kh3 f6 27.
Nf3 Kd7 28. Nxh4 Nxc2 29. Rc1 Bf2 30. Rxc2 Bxh4 31. Kg4 Be1 32. Ba3 Ke6 33. Re2
Rh4+ 34. Kf3 Bc3 35. Rc2 Rh3+ 36. Ke2 Rh2+ 37. Kd1 Rxc2 38. Kxc2 Bd4 39. Kd2 b5
40. Bb4 c5 41. Bc3 Bxc3+ 42. Kxc3 f5 43. exf5+ Kxf5 44. axb5 axb5 45. b4 cxb4+
46. Kxb4 c6 0-1

[Event "47th IT Bosna 2017"]
[Site "Sarajevo"]
[Date "2017.05.14"]
[Round "2.52"]
[White "Dedic, Nedzad"]
[Black "Tutic, Amina"]
[Result "1-0"]
[WhiteElo "1940"]
[BlackElo "1431"]
[PlyCount "73"]
[EventDate "2017.05.13"]

1. e4 e5 2. Nf3 Nc6 3. Bc4 Bc5 4. d3 h6 5. c3 Na5 6. Nxe5 Nxc4 7. Nxc4 d5 8.
exd5 Qxd5 9. O-O b6 10. Qe2+ Ne7 11. Qe4 Bb7 12. Qxd5 Bxd5 13. Ne3 Bb7 14. Re1
O-O-O 15. d4 Bd6 16. Nc4 Nd5 17. Nxd6+ Rxd6 18. Na3 Ba6 19. Bd2 Rhd8 20. c4 Nf6
21. Bc3 Kb7 22. b4 Ka8 23. b5 Bb7 24. d5 Nh5 25. Re7 R8d7 26. Rae1 a6 27. g3 f6
28. Re8+ Rd8 29. Bd2 R6d7 30. g4 axb5 31. Nxb5 c6 32. Rxd8+ Rxd8 33. Nc7+ Kb8
34. Ne6 Rd6 35. gxh5 cxd5 36. Bf4 Kc8 37. Bxd6 1-0

[Event "47th IT Bosna 2017"]
[Site "Sarajevo"]
[Date "2017.05.14"]
[Round "2.53"]
[White "Babic, Milana"]
[Black "Zenelaj, Fisnik"]
[Result "1/2-1/2"]
[WhiteElo "1520"]
[BlackElo "1919"]
[PlyCount "69"]
[EventDate "2017.05.13"]

1. e4 c5 2. Nf3 g6 3. Nc3 Bg7 4. Bc4 e6 5. O-O a6 6. a4 Nc6 7. d3 Nge7 8. Be3
b6 9. d4 cxd4 10. Nxd4 O-O 11. Nxc6 Nxc6 12. Qe2 Qc7 13. f4 Bb7 14. Qf2 Nb4 15.
Bb3 Bxc3 16. Bxb6 Qc8 17. Bc5 d6 18. Bxd6 Rd8 19. bxc3 Rxd6 20. cxb4 Bxe4 21.
Rfe1 Qb7 22. Qe2 Bc6 23. c3 Rad8 24. Rad1 Qb6+ 25. Kh1 Bb7 26. Rxd6 Rxd6 27.
Rd1 Rc6 28. Qd2 Rc8 29. c4 Qc6 30. b5 axb5 31. axb5 Qe4 32. Re1 Qf5 33. Qd7
Bxg2+ 34. Kxg2 Qg4+ 35. Kh1 1/2-1/2

[Event "47th IT Bosna 2017"]
[Site "Sarajevo"]
[Date "2017.05.14"]
[Round "2.54"]
[White "Fejzic, Danis"]
[Black "Okuyaz, Duru"]
[Result "0-1"]
[WhiteElo "1439"]
[BlackElo "1917"]
[PlyCount "112"]
[EventDate "2017.05.13"]

1. e4 c5 2. Nf3 e6 3. d4 cxd4 4. Nxd4 Nf6 5. Nc3 Nc6 6. Ndb5 Bb4 7. a3 Bxc3+ 8.
Nxc3 d5 9. exd5 exd5 10. Bd3 O-O 11. O-O d4 12. Ne2 Bg4 13. f3 Bh5 14. Nf4 Bg6
15. Nxg6 hxg6 16. f4 Ne7 17. Qf3 Qd5 18. Bd2 Nf5 19. Qxd5 Nxd5 20. Be4 Nfe3 21.
Bxd5 Nxd5 22. Rfe1 Rac8 23. Rac1 Rfe8 24. Re5 Rxe5 25. fxe5 Rc5 26. c3 dxc3 27.
Bxc3 Nxc3 28. Rxc3 Rxe5 29. Rc8+ Kh7 30. Rc7 Rb5 31. b4 f6 32. Kf2 a6 33. Ke3
b6 34. Kd4 a5 35. bxa5 Rxa5 36. Rc3 Rh5 37. h3 Rg5 38. g3 Rh5 39. g4 Ra5 40.
Rb3 Kh6 41. Kc4 Kg5 42. Rb5+ Rxb5 43. Kxb5 f5 44. gxf5 gxf5 45. Kxb6 f4 46. a4
f3 47. a5 f2 48. a6 f1=Q 49. a7 Qh1 50. Kc7 Qa8 51. Kb6 Kf6 52. Ka6 Ke6 53. h4
Kd6 54. Kb6 Qc6+ 55. Ka5 Qb7 56. h5 Kc5 0-1

[Event "47th IT Bosna 2017"]
[Site "Sarajevo"]
[Date "2017.05.14"]
[Round "2.55"]
[White "Vujicic, Dragisa"]
[Black "Zaloznik S., Gal"]
[Result "1-0"]
[WhiteElo "1914"]
[BlackElo "1015"]
[PlyCount "43"]
[EventDate "2017.05.13"]

1. d4 d5 2. Nf3 Nf6 3. g3 Nc6 4. Bg2 Bf5 5. O-O Qd7 6. Ne5 Qe6 7. Nxc6 Qxc6 8.
c3 Qd7 9. a4 Rg8 10. Nd2 Ne4 11. Nxe4 Bxe4 12. Bxe4 dxe4 13. Qc2 f5 14. Qb3 e6
15. Qxb7 Rd8 16. Bf4 g5 17. Be5 Bg7 18. Qxc7 h5 19. Ra3 Bxe5 20. Qxe5 h4 21.
Qb5 Qxb5 22. axb5 1-0

[Event "47th IT Bosna 2017"]
[Site "Sarajevo"]
[Date "2017.05.14"]
[Round "2.56"]
[White "Beslija, Hana"]
[Black "Janjic, Nikola"]
[Result "1/2-1/2"]
[WhiteElo "1113"]
[BlackElo "1909"]
[PlyCount "79"]
[EventDate "2017.05.13"]

1. e4 e5 2. Nf3 Nf6 3. Nxe5 d6 4. Nf3 Nxe4 5. Qe2 Qe7 6. d3 Nf6 7. Qxe7+ Bxe7
8. Nc3 a6 9. g3 O-O 10. Bg2 Nc6 11. Bd2 Bd7 12. O-O-O Ng4 13. Rhf1 Rfe8 14. Nd5
Rac8 15. Nxe7+ Rxe7 16. a3 Rce8 17. h3 Nge5 18. g4 Ng6 19. Rde1 f5 20. gxf5
Bxf5 21. Rxe7 Rxe7 22. Bg5 Re8 23. Nh4 Nxh4 24. Bxh4 h6 25. Kd2 Nd4 26. Re1
Rxe1 27. Kxe1 Nxc2+ 28. Kd2 Nd4 29. Bxb7 Bxh3 30. Bd8 Nb3+ 31. Kc3 Nc5 32. Bc6
Ne6 33. Bd5 Kf8 34. Bxe6 Bxe6 35. Bxc7 Ke7 36. Bb6 h5 37. Kd4 h4 38. Ke4 Bf5+
39. Kf3 Bxd3 40. Kg4 1/2-1/2

[Event "47th IT Bosna 2017"]
[Site "Sarajevo"]
[Date "2017.05.14"]
[Round "3.1"]
[White "Demchenko, Anton"]
[Black "Jakovljevic, Vlado"]
[Result "1-0"]
[WhiteElo "2629"]
[BlackElo "2384"]
[PlyCount "139"]
[EventDate "2017.05.13"]

1. e4 c5 2. Nf3 d6 3. Bb5+ Bd7 4. Bxd7+ Qxd7 5. c4 Nf6 6. Nc3 Nc6 7. d4 cxd4 8.
Nxd4 e6 9. O-O Be7 10. b3 O-O 11. Bb2 a6 12. Re1 Rfd8 13. Nxc6 Qxc6 14. Rc1 Qe8
15. a4 Qc6 16. h3 Qb6 17. Rb1 Rac8 18. Re3 Nd7 19. Ne2 Bf6 20. Bxf6 Nxf6 21.
Ng3 Qb4 22. Rd3 Ne8 23. Rd4 Rc5 24. Kh2 Rdc8 25. Ra1 Qb6 26. Ra2 Qc7 27. Qe2
Qb6 28. Rd3 Qc7 29. Rd1 Qb6 30. Qe3 Qb4 31. Rd4 Qb6 32. Rd3 Qc7 33. Qd2 Qe7 34.
a5 Qc7 35. Kg1 Qe7 36. Rd4 Qc7 37. Ra1 h6 38. Rd3 Qe7 39. Nf1 Qf6 40. Ra2 Qe5
41. Rd4 Nf6 42. Ng3 Ne8 43. Rd3 R5c6 44. Qe3 Qf6 45. Nf1 Rc5 46. Nd2 Qe7 47.
Nf3 Qc7 48. Qe1 Nf6 49. Rad2 Ne8 50. Ra2 Nf6 51. Rad2 Ne8 52. Rd1 e5 53. Ra1
Nf6 54. Nh2 Qc6 55. Re3 Qc7 56. Nf1 b5 57. axb6 Qxb6 58. Rd3 a5 59. Ng3 g6 60.
Qd2 Qb7 61. Qxh6 Nxe4 62. Nxe4 Qxe4 63. Rxd6 Rb8 64. Qd2 Kg7 65. Rd3 Qf5 66.
Rf3 Qe4 67. Qd6 Qd4 68. Qf6+ Kh6 69. Re1 Qd7 70. Re4 1-0

[Event "47th IT Bosna 2017"]
[Site "Sarajevo"]
[Date "2017.05.14"]
[Round "3.2"]
[White "Bistric, Faruk"]
[Black "Nikolic, Predrag"]
[Result "0-1"]
[WhiteElo "2349"]
[BlackElo "2607"]
[PlyCount "58"]
[EventDate "2017.05.13"]

1. e4 e5 2. d4 exd4 3. Qxd4 Qf6 4. Qd3 Bb4+ 5. c3 Bc5 6. Qg3 d6 7. Nf3 Qg6 8.
Qxg6 hxg6 9. Bc4 Nc6 10. O-O Nf6 11. Nbd2 a6 12. b4 Ba7 13. Bb2 Rh5 14. Rae1
Bd7 15. Bb3 Kf8 16. Re2 Re8 17. Rfe1 g5 18. a3 g4 19. Nd4 Ne5 20. Bc2 g6 21. c4
Kg7 22. N4b3 g3 23. Bd4 Bxd4 24. Nxd4 gxf2+ 25. Rxf2 Nfg4 26. Rfe2 Nxh2 27.
N4f3 Nhg4 28. Nxe5 Nxe5 29. Kf2 Be6 0-1

[Event "47th IT Bosna 2017"]
[Site "Sarajevo"]
[Date "2017.05.14"]
[Round "3.3"]
[White "Sarenac, David"]
[Black "Nestorovic, Nikola"]
[Result "1/2-1/2"]
[WhiteElo "2346"]
[BlackElo "2506"]
[PlyCount "85"]
[EventDate "2017.05.13"]

1. e4 e5 2. Nf3 Nc6 3. Bb5 a6 4. Ba4 Nf6 5. O-O Be7 6. Re1 b5 7. Bb3 d6 8. c3
O-O 9. h3 Na5 10. Bc2 c5 11. d4 Nd7 12. a4 Bb7 13. d5 c4 14. Na3 Qb6 15. axb5
axb5 16. Nxb5 Qxb5 17. Ba4 Qb6 18. Bxd7 Nb3 19. Be3 Qc7 20. Rxa8 Rxa8 21. Bg4
Nc5 22. Bxc5 Qxc5 23. Nd2 Bh4 24. Qe2 Ra2 25. Nf3 Bd8 26. Rc1 Qb5 27. Rc2 Ba6
28. g3 Ra1+ 29. Kg2 Qa4 30. h4 h6 31. Qd2 Qb3 32. Nh2 Rb1 33. Bd7 Bb6 34. Nf3
Bb5 35. Bxb5 Qxb5 36. Qe2 Qa4 37. Rd2 Qb3 38. Ng1 Bc5 39. Nh3 Ra1 40. Qg4 Qa2
41. Qc8+ Kh7 42. Qf5+ Kg8 43. Qc8+ 1/2-1/2